| 000 | 00945nac a22002891u 4500 | ||
|---|---|---|---|
| 999 |
_c248 _d248 |
||
| 003 | EG-ScBUE | ||
| 005 | 20210228123130.0 | ||
| 008 | 080803t2002 le f 000 1 eng d | ||
| 020 | _a995310459X | ||
| 020 | _a9789953104591 | ||
| 040 |
_aEG-ScBUE _beng _erda _cEG-ScBUE _dEG-ScBUE |
||
| 082 | 0 | 4 |
_a823 _bJOY _222 |
| 100 | 1 |
_aJoyce, James, _d1882-1941, _eauthor. _918882 |
|
| 245 | 1 | 2 |
_aA portrait of the artist as a young man : _bwith an introduction and a glossary / _cJames Joyce (1882-1941). |
| 264 | 1 |
_aBeirut : _bLibrairie di Liban Publishers, _c[2002] |
|
| 264 | 4 | _cc2002 | |
| 300 |
_axii, 234 pages ; _c24 cm. |
||
| 336 |
_2rdacontent _atext _btxt |
||
| 337 |
_2rdamedia _aunmediated _bn |
||
| 338 |
_2rdacarrier _avolume _bnc |
||
| 490 | 0 | _aYork classics | |
| 650 | 7 |
_aEnglish fiction. _918884 _2BUEsh |
|
| 651 | _2BUEsh | ||
| 653 |
_bHHUUEENN _cFebruary2021 |
||
| 655 |
_vReading book _934232 |
||
| 942 |
_cBB _k823 JOY _2ddc |
||